La Revista sonora (Record no. 85830)

MARC details
000 -LEADER
campo de control de longitud fija 01186nas a22003017a 4500
001 - NÚMERO DE CONTROL
campo de control 85830
005 - FECHA Y HORA DE LA ÚLTIMA TRANSACCIÓN
campo de control 20260421114425.0
008 - DATOS DE LONGITUD FIJA--INFORMACIÓN GENERAL
campo de control de longitud fija 260421s1931 sp w|||| |||| 00| 0 spa d
040 ## - FUENTE DE CATALOGACIÓN
Centro catalogador/agencia de origen M-RABA
Lengua de catalogación spa
Centro/agencia transcriptor M-RABA
080 ## - NÚMERO DE LA CLASIFICACIÓN DECIMAL UNIVERSAL
Número de la Clasificación Decimal Universal PM 784.3.085.321(05)
080 ## - NÚMERO DE LA CLASIFICACIÓN DECIMAL UNIVERSAL
Número de la Clasificación Decimal Universal PM 786.2.085(05)
245 03 - MENCIÓN DEL TÍTULO
Título La Revista sonora
260 ## - PUBLICACIÓN, DISTRIBUCIÓN, ETC.
Lugar de publicación, distribución, etc. [Barcelona
Nombre del editor, distribuidor, etc. : s.n.
Fecha de publicación, distribución, etc. , 1931]
300 ## - DESCRIPCIÓN FÍSICA
Extensión v.
Dimensiones 32 cm
310 ## - PERIODICIDAD ACTUAL
Periodicidad actual Semanal
362 0# - FECHAS DE PUBLICACIÓN Y/O DESIGNACIÓN SECUENCIAL
Enlace nº 1 [(1931)]-
500 00 - NOTA GENERAL
Nota general Dirigida por: Compradito (pseudónimo de Diego Jiménez de Letang)
500 00 - NOTA GENERAL
Nota general Descripción basada en: n. 2 [1931]
510 3# - NOTA DE CITAS O REFERENCIAS BIBLIOGRÁFICAS
Nombre de la fuente Jacinto Torres Mulas. Las publicaciones periódicas musicales en España (1812-1990): estudio crítico-bibliográfico y repertorio general. Instituto de Bibliografía Musical (Madrid), 1991
580 ## - NOTA DE RELACIÓN COMPLEJA
Nota de relación compleja Títulos relacionados: El Tango de moda ; La Canción de moda
594 ## - NOTA AL TÍT. Y MENCIÓN DE RESPONSABILIDAD
Nota general Título tomado de la cubierta
650 #0 - PUNTO DE ACCESO ADICIONAL DE MATERIA--TÉRMINO DE MATERIA
Término de materia o nombre geográfico como elemento de entrada Música-
Subdivisión geográfica España-
Subdivisión de forma Publicaciones periódicas
9 (RLIN) 96865
655 #7 - TERMINO DE INDIZACIÓN--GENERO/FORMA
Datos o término principal de género/forma Publicaciones periódicas.
9 (RLIN) 54133
700 1# - ENTRADA AGREGADA--NOMBRE PERSONAL
Nombre de persona Jiménez de Letang, D.
9 (RLIN) 42667
Término indicativo de función/relación director de la publicación
852 ## - LOCALIZACIÓN
Ubicación M-RABA
Número de control de estantería rEV-2384
866 ## - MENCIÓN TEXTUAL DE FONDOS--UNIDAD BIBLIOGRÁFICA BÁSICA
Cadena textual [1931], n. 2, 3, 11
942 ## - ELEMENTOS DE ENTRADA SECUNDARIOS (KOHA)
Tipo de ítem Koha Periódicas
Suprimir en OPAC No
Holdings
Estatus retirado Estado de pérdida Fuente de la clasificación o esquema de estantería Estado de daño No para préstamo Colección Biblioteca de origen Biblioteca actual Fecha de adquisición Total de préstamos Signatura topográfica completa Código de barras Visto por última vez Precio de reemplazo Tipo de ítem Koha
    Clasificación Decimal Dewey     Revistas Real Academia de la Bellas Artes de San Fernando Real Academia de la Bellas Artes de San Fernando 21/04/2026   Rev-2384 1097055 21/04/2026 21/04/2026 Periódicas

Powered by Koha